[Event "CRO-chT2 East"]
[Site "Osijek"]
[Date "2013.10.27"]
[Round "11.23"]
[White "Jovanovic, Radivoje"]
[Black "Bosnjak, Nino"]
[Result "1-0"]
[WhiteElo "1822"]
[BlackElo "2235"]
[PlyCount "89"]
[EventDate "2013.04.20"]
[EventType "team-tourn"]
[EventRounds "11"]
[EventCountry "CRO"]
[SourceTitle "EXT 2023"]
[Source "ChessBase"]
[SourceDate "2022.10.05"]
[SourceVersion "1"]
[SourceVersionDate "2022.10.05"]
[SourceQuality "1"]

1. d4 Nf6 2. Nc3 d5 3. e3 Bf5 4. Nf3 e6 5. a3 c5 6. dxc5 Bxc5 7. Bd3 Bxd3 8. Qxd3 Nc6 9. 0-0 0-0 10. Qb5 Bb6 11. Na4 Bc7 12. Nc3 Qe7 13. Qe2 Rac8 14. Bd2 Rfd8 15. Nb5 Bb8 16. Rac1 a6 17. Nbd4 e5 18. Nxc6 Rxc6 19. g3 Rdc8 20. Bb4 Qe6 21. Kg2 Qf5 22. c3 h6 23. Rcd1 Re8 24. Rfe1 Ba7 25. Nh4 Qe6 26. Nf3 g6 27. Nd2 Qf5 28. f3 Qc2 29. Rb1 e4 30. f4 h5 31. h3 Rce6 32. b3 b6 33. c4 a5 34. Rbc1 Qd3 35. Bc3 dxc4 36. Bxf6 Rxf6 37. Rxc4 b5 38. Qxd3 exd3 39. Re4 Rc8 40. Kf3 Rc2 41. Rd1 Rfc6 42. Re8+ Kg7 43. Ne4 Ra2 44. Rxd3 Rcc2 45. Rdd8 1-0

[Event "CRO-chT2 East"]
[Site "Osijek"]
[Date "2013.05.12"]
[Round "6.35"]
[White "Bosnjak, Petar"]
[Black "Jovanovic, Radivoje"]
[Result "1-0"]
[WhiteElo "2056"]
[BlackElo "1822"]
[PlyCount "113"]
[EventDate "2013.04.20"]
[EventType "team-tourn"]
[EventRounds "11"]
[EventCountry "CRO"]
[SourceTitle "EXT 2023"]
[Source "ChessBase"]
[SourceDate "2022.10.05"]
[SourceVersion "1"]
[SourceVersionDate "2022.10.05"]
[SourceQuality "1"]

1. e4 e6 2. d4 d5 3. Nd2 Nd7 4. e5 c5 5. c3 Ne7 6. Bd3 Ng6 7. Ne2 Be7 8. 0-0 0-0 9. Nf3 c4 10. Bc2 b5 11. g3 f6 12. Bxg6 hxg6 13. Nf4 Kf7 14. Nh4 Rh8 15. Nfxg6 Rh7 16. f4 f5 17. Nxe7 Qxe7 18. Nf3 Kg8 19. Ng5 Rh8 20. a4 Ba6 21. Rf2 Nf8 22. b3 Nh7 23. axb5 Bxb5 24. Ba3 Qd7 25. Nf3 a6 26. Bd6 Kf7 27. bxc4 Bxc4 28. Nd2 Rhc8 29. Nxc4 Rxc4 30. Bb4 Kg8 31. Rfa2 Rc6 32. Qh5 Qf7 33. Qe2 Qb7 34. Bc5 Nf8 35. Rb2 Qc8 36. g4 Nd7 37. Bb4 Nb6 38. gxf5 exf5 39. Qf3 Rg6+ 40. Kh1 Qe6 41. Rg2 Rxg2 42. Qxg2 Nc4 43. Bc5 Rb8 44. Rg1 Rb7 45. Qg5 Ne3 46. h3 Kh7 47. Qg3 Nc4 48. Qf3 Qh6 49. Rg2 Qh4 50. Kh2 a5 51. e6 a4 52. e7 Rxe7 53. Bxe7 Qxe7 54. Qh5+ Kg8 55. Re2 Ne3 56. Qf3 Qd6 57. Qxe3 1-0

[Event "CRO-chT2 East"]
[Site "Osijek"]
[Date "2013.04.21"]
[Round "3.64"]
[White "Tomerlin, Sinisa"]
[Black "Jovanovic, Radivoje"]
[Result "1-0"]
[WhiteElo "2233"]
[BlackElo "1822"]
[PlyCount "75"]
[EventDate "2013.04.20"]
[EventType "team-tourn"]
[EventRounds "11"]
[EventCountry "CRO"]
[SourceTitle "EXT 2023"]
[Source "ChessBase"]
[SourceDate "2022.10.05"]
[SourceVersion "1"]
[SourceVersionDate "2022.10.05"]
[SourceQuality "1"]

1. e4 e6 2. d3 d5 3. Nd2 Nc6 4. Ngf3 Bc5 5. c3 d4 6. Nb3 Bb6 7. cxd4 Bxd4 8. Nbxd4 Nxd4 9. Qa4+ Nc6 10. Be3 Nge7 11. Rc1 0-0 12. Be2 Bd7 13. Qb3 Rb8 14. 0-0 b6 15. d4 a5 16. Rfd1 Na7 17. Bf4 Qe8 18. Qc2 Bb5 19. Bxc7 Bxe2 20. Qxe2 Rb7 21. Qa6 Qa8 22. d5 exd5 23. exd5 Nxd5 24. Rxd5 Rxc7 25. Rxc7 Qxd5 26. Rxa7 Qxa2 27. Qe2 Qa1+ 28. Ne1 Qa4 29. Re7 h6 30. h3 b5 31. Nd3 b4 32. Nc5 Qc6 33. Nd7 Rc8 34. Re8+ Kh7 35. Qd3+ g6 36. Rxc8 Qxc8 37. Qd4 a4 38. Nf6+ 1-0